00265nam a2200109Ia 4500008004100000041001200041082001100053100001300064245006600077260000600143650000600149221030s9999 xx 000 0 und d aEnglish a105.23 aI. Lebow 0aUnderstanding Digital Transmission and Recordingcby I. Lebow c0 aB